| 000 | 00588nam a2200205 4500 | ||
|---|---|---|---|
| 003 | OSt | ||
| 005 | 20260530113853.0 | ||
| 008 | 260507b2016 |||||||| |||| 001 0 eng d | ||
| 020 | _a9781607589266 | ||
| 040 |
_aICI _bspa _cICI |
||
| 050 |
_aHD57.7 _bT67 |
||
| 100 | 1 |
_aWolrdwide Publishing Inc. _931457 |
|
| 245 | 1 | 0 |
_aTop 101 Industry Experts: _bInsights & Ideas To Inspire You |
| 264 | 1 |
_bWolrdwide Publishing _c2016 _aEstados Unidos |
|
| 300 | _a317 páginas | ||
| 336 |
_atexto _2rdacontent |
||
| 337 |
_asin medio _2rdamedia |
||
| 338 |
_avolumen _2rdacarrier |
||
| 942 |
_2lcc _cBK _n1 |
||
| 999 |
_c11534 _d11534 |
||